Представление документа в формате RUSMARC

ПолеНазваниеЗначение
  Тип записи a
  Библиографический уровень m
001 Контрольный номер RU/REG73/CBS_GRAD/1/712798238
005 Дата корректировки 20221122154838.7
010 Индекс ISBN __
a ISBN 978-5-04-121354-1
101 Язык документа __
a Язык текста rus
200 Заглавие и сведения об ответственности __
a Заглавие Гагарин, Мифы и правда о Первом космонавте
f Первые сведения об ответственности В.С. Губарев
b Общее обозначение материала Текст
203 Вид содержания и тип средства __
a Вид содержания Текст (визуальный) : непосредственный
210 Выходные данные __
a Место издания Москва
c Издательство Эксмо: Яуза
d Дата издания 2021
215 Физическое описание __
a Объем 320 с.
225 Серия __
a Серия Артефакт& Детектив
686 Индексы других классификаций __
a Классификационный индекс 39.6
700 Автор __
a Фамилия Губарев
g Полное личное имя Владимир Степанович
801 Источник записи _0
a Страна RU
b Организация RuCBSGrad
g Правила каталогизации PSBO
801 Источник записи _1
a Страна RU
b Организация RuCBSGrad
g Правила каталогизации PSBO
901 Тип документа __
t Тип документа m
981 __
b i
2 isbdcontent
g e
982 __
b n
2 isbdmedia
993 __
a 145395
b 41207
e 288340
f ЦГБ
h 386.00
i 288340
m 1
n 44775
o I
x 1
y 6